=LDR 00000nam 2200000 4500 =001 INLIS000000000032657 =005 20130612134645 =008 ***********************************ind** =035 ##$$0010-061300000032657 =041 ##$$a ind =082 ##$$a 2x4.12 =090 ##$$a 2x4.12, Fat b =100 ##$$a Fatihuddin =245 ##$$a Bimbimangan Shalat Lengkap Do'a-Dzikir Wirid, Fatihuddin =260 ##$$a [sa] $b Surabaya =300 ##$$a viii,304 hlm, 21 cm =650 ##$$a Shalat-Islam =850 ##$$a NBPNMAT